Crowdfunding As a Capital Source For Real Estate Projects
Predstavenie koncepcie crowdfundingu a jeho aplikácie na projekty pre nehnuteľnosti. „Real crowdfunding“ je stále v začiatkoch, preto je veľmi dôležité ho pochopiť, a pripraviť sa tak na možné príležitosti a hrozby.
Na minha lista:
| Autor principal: | |
|---|---|
| Outros Autores: | |
| Formato: | Capítulo de Livro |
| Idioma: | inglês |
| Assuntos: | |
| Tags: |
Sem tags, seja o primeiro a adicionar uma tag!
|
MARC
| LEADER | 00000nla a2200000 4500 | ||
|---|---|---|---|
| 001 | 0245661 | ||
| 005 | 20240502083655.5 | ||
| 041 | 0 | |a eng | |
| 044 | |a CZ | ||
| 245 | 1 | 0 | |a Crowdfunding As a Capital Source For Real Estate Projects |c Paulína Srovnalíková, Donatas Ditkus |
| 520 | |a Predstavenie koncepcie crowdfundingu a jeho aplikácie na projekty pre nehnuteľnosti. „Real crowdfunding“ je stále v začiatkoch, preto je veľmi dôležité ho pochopiť, a pripraviť sa tak na možné príležitosti a hrozby. | ||
| 610 | 2 | 0 | |a crowdfunding |
| 610 | 2 | 0 | |a nehnuteľnosti |
| 610 | 2 | 0 | |a kancelárie realitné |
| 610 | 2 | 0 | |a investície |
| 610 | 2 | 0 | |a zdroje podnikové |
| 610 | 2 | 0 | |a kapitál |
| 100 | 1 | |a Srovnalíková, Paulína | |
| 700 | 1 | |a Ditkus, Donatas | |